[Event "2016 Frome Open"]
[Site "Frome ENG"]
[Date "2016.05.14"]
[Round "2.13"]
[White "Paterson, Andrew I"]
[Black "Abbott, Mark V"]
[Result "1-0"]
[WhiteElo "2016"]
[BlackElo "1855"]
[PlyCount "43"]
[EventDate "2016.05.13"]

1. c4 c5 2. Nc3 g6 3. g3 Bg7 4. Bg2 Nc6 5. e4 e5 6. Nge2 Nge7 7. O-O d6 8. d3
Be6 9. f4 Qd7 10. Nd5 f5 11. fxe5 Nxe5 12. Nef4 Nxd5 13. cxd5 Bf7 14. exf5 O-O
15. fxg6 hxg6 16. Bh3 Qb5 17. Ne6 Bxe6 18. Bxe6+ Kh7 19. Bg5 Nxd3 20. Qg4 Bd4+
21. Kh1 Kg7 22. Qh4 1-0

[Event "2016 Frome Open"]
[Site "Frome ENG"]
[Date "2016.05.14"]
[Round "2.14"]
[White "Holton, Jake"]
[Black "Waterfield, John W"]
[Result "0-1"]
[WhiteElo "1823"]
[BlackElo "1956"]
[PlyCount "116"]
[EventDate "2016.05.13"]

1. d4 Nf6 2. c4 c5 3. d5 b5 4. cxb5 a6 5. bxa6 g6 6. Nc3 Bxa6 7. g3 d6 8. Bg2
Bg7 9. Nf3 Nbd7 10. Rb1 Nb6 11. b3 Bc8 12. Nd2 Bf5 13. e4 Bc8 14. Qc2 Ba6 15.
Bf1 Bxf1 16. Kxf1 Qc8 17. Kg2 O-O 18. a4 Ne8 19. Nb5 f5 20. f3 fxe4 21. fxe4
Nc7 22. Nxc7 Qxc7 23. Bb2 Bxb2 24. Rxb2 Qb7 25. Re1 Qa6 26. Ra2 Qa5 27. Rc1 Qb4
28. Qc3 Qxc3 29. Rxc3 Ra5 30. Rac2 Kg7 31. Nc4 Nxc4 32. Rxc4 Rb8 33. R2c3 Ra7
34. Re3 Rab7 35. Rcc3 Kf6 36. Kf2 Ke5 37. Ke2 Rb4 38. Kf3 Rf8+ 39. Ke2 h6 40.
Rc4 Rxc4 41. bxc4 Ra8 42. Ra3 Kxe4 43. Re3+ Kd4 44. Rxe7 Kxc4 45. Re6 Kxd5 46.
Rxg6 Rxa4 47. Rxh6 c4 48. Rh8 Ra2+ 49. Kd1 c3 50. Rc8 Kd4 51. h4 Rg2 52. h5
Rxg3 53. Rc6 d5 54. h6 Kd3 55. Ke1 Rh3 56. Kf2 c2 57. Kg2 Rxh6 58. Kf2 Rxc6 0-1

[Event "2016 Frome Open"]
[Site "Frome ENG"]
[Date "2016.05.14"]
[Round "2.15"]
[White "Cusick, Peter W"]
[Black "Littleton, Mark"]
[Result "1/2-1/2"]
[WhiteElo "1955"]
[BlackElo "1848"]
[PlyCount "110"]
[EventDate "2016.05.13"]

1. d4 Nf6 2. Bg5 c6 3. Bxf6 gxf6 4. c3 d5 5. Qc2 Bg7 6. Nd2 Nd7 7. e3 e6 8. Ne2
Nf8 9. Ng3 Ng6 10. h4 Bh6 11. Ne2 e5 12. g3 Ne7 13. Bh3 Bxh3 14. Rxh3 Qd7 15.
Rh1 Rc8 16. b4 b6 17. Nb3 Qf5 18. Qxf5 Nxf5 19. Nec1 Nd6 20. Nd3 Bg7 21. Ke2
Ke7 22. a4 Ne4 23. Rhc1 Nd6 24. a5 Ra8 25. Ra2 b5 26. Nbc5 Nc4 27. Nb3 Rac8 28.
Ndc5 Rhg8 29. Nd2 f5 30. dxe5 Nxe5 31. Ndb3 Nc4 32. Nd4 Bxd4 33. cxd4 f4 34.
exf4 Kf6 35. Kf3 Rge8 36. Nd7+ Ke6 37. Ne5 f6 38. Ng4 Kf7 39. Ne3 Re7 40. Nf5
Re6 41. g4 Rce8 42. h5 Kf8 43. h6 Re4 44. Rac2 Kg8 45. Rg1 Kf7 46. Rd1 Re1 47.
Rxe1 Rxe1 48. Re2 Rxe2 49. Kxe2 Ke6 50. Kd3 Nb2+ 51. Kc2 Nc4 52. Kc3 Kf7 53.
Ng7 Nd6 54. f3 Kg6 55. Ne6 Nf7 1/2-1/2

[Event "2016 Frome Open"]
[Site "Frome ENG"]
[Date "2016.05.14"]
[Round "2.16"]
[White "Jones, Steven A"]
[Black "Jackson, Paul G"]
[Result "1-0"]
[WhiteElo "2191"]
[BlackElo "1917"]
[PlyCount "64"]
[EventDate "2016.05.13"]

1. e4 e6 2. d4 d5 3. Nc3 Nf6 4. Bg5 Bb4 5. e5 h6 6. Bc1 Ne4 7. Qg4 g6 8. Nge2
Nxc3 9. bxc3 Ba5 10. h4 Nd7 11. h5 g5 12. f4 f5 13. exf6 Nxf6 14. Qf3 g4 15.
Qd3 Ne4 16. g3 Bd7 17. Bg2 Qf6 18. O-O Qf5 19. c4 c6 20. Bxe4 dxe4 21. Qe3 O-O
22. Rb1 b5 23. c5 Be8 24. Bb2 Qd5 25. f5 Kh7 26. Nf4 Qd7 27. fxe6 Qe7 28. Qxe4+
Kg8 29. Ng6 Bxg6 30. Qxg6+ Qg7 31. Qxg7+ Kxg7 32. d5+ Rf6 1-0

[Event "2016 Frome Open"]
[Site "Frome ENG"]
[Date "2016.05.14"]
[Round "2.17"]
[White "Shapland, Roy K"]
[Black "Hickman, John E"]
[Result "1/2-1/2"]
[WhiteElo "2012"]
[BlackElo "1900"]
[PlyCount "33"]
[EventDate "2016.05.13"]

1. d4 d5 2. c4 e6 3. Nf3 c5 4. cxd5 exd5 5. Nc3 Nc6 6. Bg5 Be7 7. Bxe7 Ngxe7 8.
e3 cxd4 9. Nxd4 O-O 10. Be2 Be6 11. O-O Qb6 12. Nb3 Rfd8 13. Nb5 d4 14. N5xd4
Nxd4 15. Nxd4 Nc6 16. Bf3 Nxd4 17. exd4 1/2-1/2

[Event "2016 Frome Open"]
[Site "Frome ENG"]
[Date "2016.05.14"]
[Round "2.18"]
[White "Bourne, Johnathan D"]
[Black "Appleby, Stephen"]
[Result "1-0"]
[WhiteElo "1970"]
[BlackElo "1899"]
[PlyCount "61"]
[EventDate "2016.05.13"]

1. e4 c5 2. Nc3 Nc6 3. Bb5 Nd4 4. Bc4 e6 5. Nge2 Ne7 6. O-O Nec6 7. d3 Be7 8.
Nxd4 cxd4 9. Ne2 O-O 10. Bb3 Bc5 11. Ng3 Qh4 12. f4 Na5 13. Bd2 Nxb3 14. axb3
g6 15. b4 Bb6 16. Be1 Qe7 17. f5 d5 18. f6 Qd6 19. Qd2 Re8 20. Qh6 Qf8 21. Qh4
Bd8 22. Bd2 Qd6 23. Rae1 Bd7 24. e5 Qf8 25. c3 dxc3 26. bxc3 Bb6+ 27. Kh1 Rec8
28. Ne2 a5 29. Bh6 Qe8 30. Nf4 axb4 31. Nxg6 1-0

[Event "2016 Frome Open"]
[Site "Frome ENG"]
[Date "2016.05.14"]
[Round "2.19"]
[White "Bartlett, Simon"]
[Black "Hollands, George E"]
[Result "1/2-1/2"]
[WhiteElo "1945"]
[BlackElo "1750"]
[PlyCount "56"]
[EventDate "2016.05.13"]

1. e4 e6 2. d4 d5 3. Nd2 Nf6 4. e5 Nfd7 5. Bd3 c5 6. c3 Nc6 7. Ne2 cxd4 8. cxd4
f6 9. exf6 Nxf6 10. O-O Bd6 11. Nf3 O-O 12. Bg5 Qc7 13. Rc1 a6 14. Ng3 Qb6 15.
Bxf6 Rxf6 16. Bxh7+ Kxh7 17. Ng5+ Kg8 18. Qh5 Qd8 19. Qh7+ Kf8 20. Qh8+ Ke7 21.
Qxg7+ Ke8 22. Nh5 Rf5 23. Nh7 Be7 24. Qg6+ Kd7 25. Ng7 Rf6 26. Nxf6+ Bxf6 27.
Rfe1 Bxg7 28. Qxg7+ Qe7 1/2-1/2

[Event "2016 Frome Open"]
[Site "Frome ENG"]
[Date "2016.05.14"]
[Round "2.20"]
[White "Gregory, Andrew M"]
[Black "Snook-Lumb, Chris"]
[Result "1-0"]
[WhiteElo "1930"]
[BlackElo "1748"]
[PlyCount "62"]
[EventDate "2016.05.13"]

1. g3 e6 2. Bg2 f5 3. d4 Nf6 4. Bg5 Be7 5. Nd2 O-O 6. c3 d5 7. Ngf3 Nbd7 8. O-O
b6 9. Ne5 Nxe5 10. dxe5 Ng4 11. Bxe7 Qxe7 12. Nf3 c5 13. Qd2 a5 14. h3 Nh6 15.
Ng5 Bb7 16. f4 b5 17. a3 Kh8 18. b4 Nf7 19. Nf3 Rg8 20. bxc5 Qxc5+ 21. Qd4 Qc6
22. Qe3 Rac8 23. Rfc1 Rc7 24. Nd4 Qc5 25. Kf2 Rgc8 26. Rcb1 Ba6 27. Nxe6 Qxe3+
28. Kxe3 Rxc3+ 29. Kf2 Rc2 30. Nd4 R2c4 31. Nxf5 d4 1-0

[Event "2016 Frome Open"]
[Site "Frome ENG"]
[Date "2016.05.14"]
[Round "3.1"]
[White "Buckley, David E"]
[Black "Crockart, Scott A"]
[Result "1/2-1/2"]
[WhiteElo "2276"]
[BlackElo "2100"]
[PlyCount "52"]
[EventDate "2016.05.13"]

1. e4 c5 2. Nf3 Nc6 3. c3 Nf6 4. e5 Nd5 5. Bc4 e6 6. d4 cxd4 7. cxd4 d6 8. O-O
Be7 9. Qe2 O-O 10. Nc3 Nxc3 11. bxc3 dxe5 12. dxe5 Qc7 13. Qe4 b6 14. Bd3 g6
15. Bg5 Rd8 16. Rfd1 Bb7 17. Qf4 Rd5 18. Be4 Rxd1+ 19. Rxd1 Rd8 20. Re1 f5 21.
exf6 Qxf4 22. Bxf4 Bxf6 23. h3 Kf7 24. Ng5+ Bxg5 25. Bxg5 Rd7 26. h4 Na5
1/2-1/2

[Event "2016 Frome Open"]
[Site "Frome ENG"]
[Date "2016.05.14"]
[Round "3.2"]
[White "Kett, Timothy J"]
[Black "Crockart, George N"]
[Result "1-0"]
[WhiteElo "2184"]
[BlackElo "2012"]
[PlyCount "123"]
[EventDate "2016.05.13"]

1. e4 c6 2. d4 d5 3. exd5 cxd5 4. c4 Nf6 5. Nc3 g6 6. cxd5 Bg7 7. Bc4 O-O 8.
Nge2 Nbd7 9. d6 exd6 10. O-O Nb6 11. Bb3 d5 12. Bf4 Nh5 13. Be5 f6 14. Bf4 g5
15. Be3 Re8 16. Nxd5 Nxd5 17. Nc3 Be6 18. Nxd5 Bxd5 19. Qxh5 Bxb3 20. axb3 Qd5
21. h4 h6 22. hxg5 hxg5 23. Rfc1 Rac8 24. Rc4 a6 25. Rac1 Qd7 26. d5 b5 27. Rc7
Rxc7 28. Rxc7 Qxc7 29. Qxe8+ Bf8 30. Qe6+ Qf7 31. Qxf7+ Kxf7 32. Kf1 Kg6 33.
Ke2 f5 34. Kd3 f4 35. Bb6 Kf5 36. Bd4 Bd6 37. f3 Bf8 38. Bh8 Bc5 39. Bg7 Bb6
40. b4 Bc7 41. Bf8 Be5 42. b3 Bf6 43. d6 Ke6 44. Ke4 Bc3 45. d7 Bf6 46. Bc5 Bd8
47. Ba7 a5 48. bxa5 Bxa5 49. Kd4 Kxd7 50. Kc5 b4 51. Kb5 Bd8 52. Kxb4 Kc6 53.
Kc4 Bf6 54. Bd4 Be7 55. b4 g4 56. fxg4 Bg5 57. Be5 Kb6 58. Kd5 Kb5 59. Bd6 Bf6
60. Ke4 Kc6 61. Bxf4 Be7 62. Bd2 1-0

[Event "2016 Frome Open"]
[Site "Frome ENG"]
[Date "2016.05.14"]
[Round "3.3"]
[White "Clancy, Martin J"]
[Black "Harman, Kenneth B"]
[Result "1/2-1/2"]
[WhiteElo "1935"]
[BlackElo "2166"]
[PlyCount "22"]
[EventDate "2016.05.13"]

1. e4 c5 2. Nf3 Nc6 3. d4 cxd4 4. c3 d3 5. c4 g6 6. Nc3 Bg7 7. Bxd3 d6 8. O-O
Nf6 9. h3 O-O 10. Be3 Bd7 11. Rc1 a6 1/2-1/2

[Event "2016 Frome Open"]
[Site "Frome ENG"]
[Date "2016.05.14"]
[Round "3.4"]
[White "Orgler, Philipp"]
[Black "Paterson, Andrew I"]
[Result "1/2-1/2"]
[WhiteElo "2132"]
[BlackElo "2016"]
[PlyCount "152"]
[EventDate "2016.05.13"]

1. d4 f5 2. Nc3 Nf6 3. Bg5 b6 4. Bxf6 exf6 5. e3 Bb7 6. Nf3 Bb4 7. Bd3 g6 8. h4
Qe7 9. Qe2 Nc6 10. Nd2 Nd8 11. Nb5 Bxd2+ 12. Qxd2 Ne6 13. O-O a6 14. Nc3 d5 15.
Ne2 Qg7 16. Nf4 Nd8 17. Be2 Qh6 18. Bf3 c6 19. g3 Qg7 20. Qb4 Qc7 21. c4 a5 22.
Qc3 dxc4 23. Rfe1 g5 24. hxg5 fxg5 25. d5 Nf7 26. Ne6 Qe5 27. dxc6 Qxc3 28.
cxb7 Qxe1+ 29. Rxe1 Rb8 30. Nc7+ Kd7 31. Na6 Ne5 32. Bg2 Nd3 33. Re2 Nc5 34.
Nxc5+ bxc5 35. Rc2 Rhd8 36. Rxc4 Kd6 37. Ra4 Kc7 38. Rxa5 Kb6 39. Ra8 Rd1+ 40.
Kh2 Rxb7 41. Bxb7 Kxb7 42. Ra3 Rd2 43. Rb3+ Kc6 44. Kg2 g4 45. a4 Rc2 46. Rb8
Rc4 47. b3 Rc2 48. b4 Kc7 49. Rb5 cxb4 50. Rxf5 b3 51. Rb5 b2 52. a5 Kd6 53. a6
Rc3 54. a7 Ra3 55. Rxb2 Rxa7 56. Rb5 Rg7 57. Kf1 Ke6 58. Ke2 Ra7 59. e4 Ra2+
60. Ke3 Kf6 61. Rf5+ Kg6 62. Rf4 h5 63. Rf8 Ra3+ 64. Kd4 Ra4+ 65. Ke5 Ra5+ 66.
Kd4 Ra4+ 67. Kd5 Ra5+ 68. Kc4 Ra4+ 69. Kd3 Ra3+ 70. Ke2 Ra2+ 71. Kf1 Ra4 72.
Re8 Kf7 73. Re5 Kf6 74. Rxh5 Rxe4 75. Kg2 Re2 76. Ra5 Rb2 1/2-1/2

[Event "2016 Frome Open"]
[Site "Frome ENG"]
[Date "2016.05.14"]
[Round "3.5"]
[White "Byway, Paul V"]
[Black "Schmitz, Andreas Arnold"]
[Result "1/2-1/2"]
[WhiteElo "2071"]
[BlackElo "2024"]
[PlyCount "120"]
[EventDate "2016.05.13"]

1. Nf3 Nf6 2. c4 c5 3. e3 g6 4. Nc3 Bg7 5. d4 cxd4 6. exd4 O-O 7. Be2 d5 8. c5
Ne4 9. O-O Nxc3 10. bxc3 Nc6 11. Bf4 f6 12. h3 e5 13. dxe5 fxe5 14. Bg5 Qd7 15.
Bb5 a6 16. Ba4 Qf7 17. Bb3 Be6 18. Be3 h6 19. Qd2 Kh7 20. Qe2 Rad8 21. Bc2 Bf5
22. Ne1 d4 23. Bxf5 Qxf5 24. Bd2 e4 25. Rc1 Qxc5 26. cxd4 Nxd4 27. Qxe4 Qf5 28.
Qxf5 Ne2+ 29. Kh2 Rxf5 30. Rc2 Be5+ 31. f4 Nxf4 32. g3 Nh5 33. Rxf5 Bxg3+ 34.
Kg2 gxf5 35. Nf3 Rg8 36. Kf1 Bd6 37. Rc4 Ng3+ 38. Ke1 Ne4 39. Bb4 b5 40. Rd4
Bxb4+ 41. Rxb4 Ng5 42. Nh4 Re8+ 43. Kd2 Re4 44. Rxe4 fxe4 45. Ke3 b4 46. Nf5
Kg6 47. Ne7+ Kf6 48. Nd5+ Ke5 49. Nxb4 Nxh3 50. Nxa6 Nf4 51. Nb4 Ng2+ 52. Kf2
Nh4 53. a4 Nf5 54. a5 Kd6 55. a6 Kc7 56. Nd5+ Kb8 57. Nf6 e3+ 58. Kf3 Ka7 59.
Ng4 Kxa6 60. Nxh6 Nxh6 1/2-1/2

[Event "2016 Frome Open"]
[Site "Frome ENG"]
[Date "2016.05.14"]
[Round "3.6"]
[White "Martin, Lewis"]
[Black "French, Max"]
[Result "1-0"]
[WhiteElo "2045"]
[BlackElo "1923"]
[PlyCount "119"]
[EventDate "2016.05.13"]

1. d4 Nf6 2. c4 e6 3. Nf3 b6 4. g3 Ba6 5. b3 Bb4+ 6. Bd2 Be7 7. Nc3 c6 8. Bg2
d5 9. O-O Nbd7 10. cxd5 cxd5 11. Ne5 O-O 12. Nc6 Qe8 13. Nxe7+ Qxe7 14. Re1
Rac8 15. Rc1 Rfd8 16. Bg5 h6 17. Bf4 Nf8 18. f3 Ng6 19. Be3 Rc7 20. Nb1 Rdc8
21. Rxc7 Qxc7 22. Qd2 Qc2 23. Na3 Qxd2 24. Bxd2 Ne7 25. Kf2 Nf5 26. e3 Nd6 27.
Rc1 Rxc1 28. Bxc1 Kf8 29. Nc2 Ke8 30. Nb4 Bb7 31. Bf1 a5 32. Nc2 Bc6 33. a4 Kd8
34. Bd2 Nfe8 35. Bd3 g6 36. g4 Ke7 37. Na3 Nc7 38. Nb1 Kd7 39. Nc3 f5 40. h4 h5
41. Kg3 Ke7 42. Kf4 Nf7 43. gxh5 gxh5 44. Ne2 Ne8 45. Bc1 Kf6 46. Kg3 Nh8 47.
Bb2 Ng6 48. Ba6 Nc7 49. Bd3 Ne8 50. Ng1 Nd6 51. Nh3 Nf7 52. Be2 Kg7 53. e4 Nd6
54. Ba3 Ne8 55. e5 Bd7 56. Bc1 Kf7 57. Bg5 Ne7 58. Nf4 Ng7 59. Bf6 Ng6 60. Bd8
1-0

[Event "2016 Frome Open"]
[Site "Frome ENG"]
[Date "2016.05.14"]
[Round "3.7"]
[White "Waterfield, John W"]
[Black "Menadue, Jeremy FS"]
[Result "1/2-1/2"]
[WhiteElo "1956"]
[BlackElo "2037"]
[PlyCount "26"]
[EventDate "2016.05.13"]

1. e4 Nf6 2. Nc3 d5 3. e5 d4 4. exf6 dxc3 5. fxg7 cxd2+ 6. Bxd2 Bxg7 7. Qf3 c6
8. O-O-O Qd5 9. c4 Qxf3 10. Nxf3 Bg4 11. Be2 Nd7 12. Rhe1 a5 13. Bf4 a4 1/2-1/2

[Event "2016 Frome Open"]
[Site "Frome ENG"]
[Date "2016.05.14"]
[Round "3.8"]
[White "Cusick, Peter W"]
[Black "Jones, Steven A"]
[Result "1/2-1/2"]
[WhiteElo "1955"]
[BlackElo "2191"]
[PlyCount "74"]
[EventDate "2016.05.13"]

1. d4 Nf6 2. Bg5 c5 3. c3 Qb6 4. Bc1 cxd4 5. cxd4 Nc6 6. e3 d5 7. Nc3 Bf5 8.
Bd3 Bxd3 9. Qxd3 e6 10. a3 Bd6 11. Nf3 Rc8 12. O-O O-O 13. b4 e5 14. dxe5 Nxe5
15. Nxe5 Bxe5 16. Bb2 Qc7 17. Nb5 Qb8 18. Bxe5 Qxe5 19. Qd4 Qxd4 20. Nxd4 a6
21. Rfd1 Rc3 22. Nf5 Rd8 23. Rdc1 Rc4 24. Rd1 g6 25. Nd4 Rdc8 26. Nb3 b6 27.
Nd4 Kf8 28. Kf1 Ke7 29. f3 Nd7 30. Ne2 Nf6 31. Rd2 a5 32. bxa5 bxa5 33. Rb1
R8c7 34. Rb5 Ra4 35. Rb3 Rac4 36. Rbd3 Rc2 37. Ke1 Rc8 1/2-1/2

[Event "2016 Frome Open"]
[Site "Frome ENG"]
[Date "2016.05.14"]
[Round "3.9"]
[White "Taylor, William J"]
[Black "de Coverly, Roger D"]
[Result "0-1"]
[WhiteElo "1993"]
[BlackElo "2076"]
[PlyCount "82"]
[EventDate "2016.05.13"]

1. e4 e5 2. Nf3 Nc6 3. Bc4 Be7 4. d4 d6 5. dxe5 dxe5 6. Qxd8+ Bxd8 7. Nc3 Nf6
8. Be3 Bg4 9. O-O-O O-O 10. h3 Bxf3 11. gxf3 Be7 12. Nd5 Nxd5 13. Bxd5 Nd8 14.
f4 exf4 15. Bxf4 Ne6 16. Bxe6 fxe6 17. Bxc7 Rxf2 18. Rd7 Bg5+ 19. Kb1 Raf8 20.
a3 Rf1+ 21. Rxf1 Rxf1+ 22. Ka2 Rf7 23. Rxf7 Kxf7 24. Bb8 Be3 25. Kb3 Kg6 26.
Kc3 Kh5 27. Kd3 Bb6 28. Bg3 g5 29. c4 g4 30. hxg4+ Kxg4 31. Bh2 Kf3 32. b4 Bf2
33. c5 h5 34. Bd6 h4 35. b5 Bg3 36. Kd4 b6 37. a4 bxc5+ 38. Kxc5 Bxd6+ 39. Kxd6
h3 40. a5 h2 41. b6 axb6 0-1

[Event "2016 Frome Open"]
[Site "Frome ENG"]
[Date "2016.05.14"]
[Round "3.10"]
[White "Gregory, Andrew M"]
[Black "Pleasants, Allan J"]
[Result "1/2-1/2"]
[WhiteElo "1930"]
[BlackElo "2043"]
[PlyCount "45"]
[EventDate "2016.05.13"]

1. d4 e6 2. g3 g6 3. Bg2 Bg7 4. c3 Nf6 5. e4 O-O 6. Ne2 Nc6 7. O-O e5 8. f3 Re8
9. Be3 d5 10. Nd2 dxe4 11. Nxe4 Nd5 12. Bf2 f5 13. Nc5 b6 14. dxe5 f4 15. Nb3
Ba6 16. Re1 Nxe5 17. Nxf4 Nxf4 18. Qxd8 Raxd8 19. gxf4 Nd3 20. Rxe8+ Rxe8 21.
Bf1 c5 22. Bxd3 Bxd3 23. Re1 1/2-1/2

[Event "2016 Frome Open"]
[Site "Frome ENG"]
[Date "2016.05.14"]
[Round "3.11"]
[White "Littleton, Mark"]
[Black "Rodriguez, Juan T"]
[Result "1-0"]
[WhiteElo "1848"]
[BlackElo "2043"]
[PlyCount "111"]
[EventDate "2016.05.13"]

1. d4 Nf6 2. Nf3 e6 3. Bg5 b6 4. Nbd2 Be7 5. e4 d5 6. e5 Nfd7 7. Bxe7 Qxe7 8.
c3 c5 9. Bd3 Ba6 10. Bxa6 Nxa6 11. Qa4 Nc7 12. Qc6 Rc8 13. Qb7 O-O 14. Qxa7 f6
15. exf6 gxf6 16. O-O Qd6 17. Qa4 Ra8 18. Qc2 Rf7 19. Rfe1 Rg7 20. a3 Kh8 21.
Rad1 Rag8 22. g3 Qf4 23. Qd3 h5 24. Qe3 Qg4 25. Kh1 Nf8 26. dxc5 bxc5 27. Nh4
c4 28. f3 Qh3 29. Nf1 Nh7 30. Qh6 Rb8 31. Qxh5 Kg8 32. Rd2 Ng5 33. Ne3 f5 34.
Neg2 e5 35. Rxe5 Nf7 36. Qxf5 Rxg3 37. Qxh3 Rxh3 38. Rh5 Ne6 39. Rhxd5 Neg5 40.
Rf2 Rb6 41. Nf5 Nxf3 42. Nf4 Rh8 43. Rxf3 Rxb2 44. Rg3+ Kf8 45. Ng6+ Kg8 46.
Nxh8+ Kxh8 47. Rg7 Nd6 48. Rxd6 Rxh2+ 49. Kg1 Rh1+ 50. Kf2 Rf1+ 51. Ke3 Rf3+
52. Ke4 Rf4+ 53. Kd5 Rxf5+ 54. Ke6 Rf6+ 55. Ke5 Rxd6 56. Kxd6 1-0

[Event "2016 Frome Open"]
[Site "Frome ENG"]
[Date "2016.05.14"]
[Round "3.12"]
[White "McCook, Natashane"]
[Black "Payne, Matthew J"]
[Result "0-1"]
[WhiteElo "1637"]
[BlackElo "2023"]
[PlyCount "60"]
[EventDate "2016.05.13"]

1. e4 e6 2. Nf3 d5 3. exd5 exd5 4. d4 Nc6 5. Bb5 a6 6. Bxc6+ bxc6 7. O-O Bd6 8.
Re1+ Ne7 9. Bg5 f6 10. Be3 O-O 11. b3 Bg4 12. h3 Bh5 13. Nbd2 Qd7 14. Qc1 f5
15. Bg5 Ng6 16. c4 Bb4 17. a3 Bxd2 18. Nxd2 h6 19. Nf1 f4 20. Bxh6 gxh6 21. g4
Bxg4 22. hxg4 Qxg4+ 23. Ng3 fxg3 24. f3 Qxf3 25. Ra2 Nf4 26. Qxf4 Rxf4 27. Rg2
Qf2+ 28. Rxf2 gxf2+ 29. Kf1 fxe1=Q+ 30. Kxe1 Re8+ 0-1

[Event "2016 Frome Open"]
[Site "Frome ENG"]
[Date "2016.05.14"]
[Round "3.13"]
[White "Onley, David E"]
[Black "Misyura, Ilya"]
[Result "1-0"]
[WhiteElo "2158"]
[BlackElo "1902"]
[PlyCount "61"]
[EventDate "2016.05.13"]

1. e4 e6 2. d4 d5 3. Nd2 Nf6 4. e5 Nfd7 5. f4 c5 6. c3 Nc6 7. Ndf3 Qb6 8. g3
cxd4 9. cxd4 Bb4+ 10. Kf2 g5 11. fxg5 Ndxe5 12. Nxe5 Nxe5 13. Kg2 Nc6 14. Nf3
Bd7 15. Bf4 Be7 16. b3 Bd8 17. Be2 Bc7 18. Qd2 O-O-O 19. Rac1 Rdf8 20. b4 Bxf4
21. Qxf4 Qxb4 22. Rb1 Qa5 23. Rhc1 Qc7 24. Ne5 h6 25. h4 hxg5 26. hxg5 Be8 27.
Bg4 Qe7 28. Nxc6 Bxc6 29. Rxc6+ Kd8 30. Qb8+ Kd7 31. Qxb7+ 1-0

[Event "2016 Frome Open"]
[Site "Frome ENG"]
[Date "2016.05.14"]
[Round "3.14"]
[White "Hickman, John E"]
[Black "Fallowfield, Jeremy R"]
[Result "0-1"]
[WhiteElo "1900"]
[BlackElo "2138"]
[PlyCount "70"]
[EventDate "2016.05.13"]

1. e4 c5 2. Nf3 d6 3. d4 cxd4 4. Nxd4 Nf6 5. Nc3 a6 6. Be3 e5 7. Nb3 Be6 8. f3
Be7 9. Qd2 O-O 10. O-O-O a5 11. Bb5 Na6 12. Kb1 Nc7 13. Bb6 Qb8 14. Ba4 Rc8 15.
g4 Ra6 16. Bxc7 Qxc7 17. h4 Nd7 18. Bxd7 Qxd7 19. a4 Rac6 20. Nd5 Rxc2 21. Qxa5
Bxd5 22. Rxd5 Rf2 23. Nd2 Qc6 24. Qb4 Qc2+ 25. Ka1 Ra8 26. a5 b6 27. Nb1 bxa5
28. Qb7 Bf8 29. Na3 Qe2 30. Rb1 Re8 31. Qc6 Rb8 32. Nc4 Rb4 33. Rd2 Qxc4 34.
Qxc4 Rxc4 35. Rxf2 Ra4# 0-1

[Event "2016 Frome Open"]
[Site "Frome ENG"]
[Date "2016.05.14"]
[Round "3.15"]
[White "Fathallah, Joe"]
[Black "Holton, Jake"]
[Result "1/2-1/2"]
[WhiteElo "1949"]
[BlackElo "1823"]
[PlyCount "100"]
[EventDate "2016.05.13"]

1. d4 d5 2. c4 c6 3. Nc3 Nf6 4. Nf3 dxc4 5. a4 Bf5 6. e3 e6 7. Bxc4 Bb4 8. O-O
Nbd7 9. Qe2 O-O 10. e4 Bg6 11. e5 Nd5 12. Ne4 Be7 13. Rd1 Qc7 14. Bg5 Bxe4 15.
Qxe4 Bxg5 16. Nxg5 g6 17. Qh4 h5 18. Ra3 Kg7 19. Rf3 Rae8 20. g4 f6 21. exf6+
N7xf6 22. gxh5 Rh8 23. Rxf6 Kxf6 24. Bxd5 Rxh5 25. Ne4+ Kg7 26. Qf6+ Kh7 27.
Ng5+ Rxg5+ 28. Qxg5 exd5 29. Rd3 Qg7 30. Rh3+ Kg8 31. Rh6 Re6 32. Qf4 Rf6 33.
Qe3 Qd7 34. Rh4 Qe6 35. Qg3 Kg7 36. Rf4 Rxf4 37. Qxf4 Qe1+ 38. Kg2 Qe4+ 39.
Qxe4 dxe4 40. Kg3 g5 41. Kg4 Kf6 42. f4 exf3 43. Kxf3 Kf5 44. h3 a5 45. Ke3 b6
46. Kf3 Ke6 47. Ke4 b5 48. b3 b4 49. Ke3 Kd6 50. Ke4 Ke6 1/2-1/2

[Event "2016 Frome Open"]
[Site "Frome ENG"]
[Date "2016.05.14"]
[Round "3.16"]
[White "Turner, Joseph D"]
[Black "Bartlett, Simon"]
[Result "1-0"]
[WhiteElo "1877"]
[BlackElo "1945"]
[PlyCount "115"]
[EventDate "2016.05.13"]

1. e4 c5 2. Nf3 Nc6 3. d4 cxd4 4. Nxd4 g6 5. Nc3 Bg7 6. Be3 Nf6 7. f3 O-O 8. g4
Qb6 9. Rb1 Nxe4 10. fxe4 Bxd4 11. Nd5 Qc5 12. b4 Nxb4 13. Bxd4 Nxc2+ 14. Qxc2
Qxd4 15. Rb4 Qe5 16. Qb2 Qxb2 17. Rxb2 e6 18. Ne7+ Kg7 19. Nxc8 Rfxc8 20. Rxb7
d5 21. exd5 exd5 22. Bg2 Rcb8 23. Bxd5 Rxb7 24. Bxb7 Rb8 25. Bd5 Rd8 26. Bb3
Rd4 27. g5 f6 28. gxf6+ Kxf6 29. O-O+ Kg5 30. Rf7 a6 31. Rxh7 Rf4 32. h3 a5 33.
Kg2 Rb4 34. Ra7 Rb5 35. Ra6 Kh5 36. Bd1+ Kg5 37. Bc2 Rb2 38. Rxg6+ Kh5 39. Rc6
Rxa2 40. Kg3 Ra3+ 41. Kf4 Ra2 42. Bd3 Ra4+ 43. Be4 Rb4 44. Rc7 Rb6 45. Rh7+ Rh6
46. Ra7 Rh8 47. Rxa5+ Kh6 48. Kg4 Rg8+ 49. Kh4 Rh8 50. Ra6+ Kg7+ 51. Kg4 Rh6
52. Ra7+ Kf8 53. h4 Re6 54. Bf5 Re7 55. Ra6 Kg8 56. Kg5 Kg7 57. h5 Rf7 58. h6+
1-0

[Event "2016 Frome Open"]
[Site "Frome ENG"]
[Date "2016.05.14"]
[Round "3.17"]
[White "Abbott, Mark V"]
[Black "Schmitz, Manuela"]
[Result "1-0"]
[WhiteElo "1855"]
[BlackElo "1903"]
[PlyCount "61"]
[EventDate "2016.05.13"]

1. d4 d5 2. c4 dxc4 3. Nf3 Nf6 4. Nc3 a6 5. a4 Nc6 6. e3 Na5 7. Ne5 Be6 8. Bd2
c5 9. d5 Nxd5 10. Ne4 Qc7 11. Bxa5 Qxa5+ 12. Qd2 Nb4 13. Rc1 Rd8 14. Qc3 Qc7
15. Ng5 Na2 16. Nxe6 fxe6 17. Qxc4 Qa5+ 18. Rc3 Nxc3 19. bxc3 Rd5 20. f4 b5 21.
axb5 Qa1+ 22. Kf2 Qb2+ 23. Kf3 a5 24. b6 Rxe5 25. Qb5+ Qxb5 26. Bxb5+ Kd8 27.
fxe5 g6 28. Ra1 Bg7 29. Ke4 Kc8 30. Bc4 Rf8 31. Rxa5 1-0

[Event "2016 Frome Open"]
[Site "Frome ENG"]
[Date "2016.05.14"]
[Round "3.18"]
[White "Hollands, George E"]
[Black "Jackson, Paul G"]
[Result "1/2-1/2"]
[WhiteElo "1750"]
[BlackElo "1917"]
[PlyCount "175"]
[EventDate "2016.05.13"]

1. d4 e6 2. e4 d5 3. Nd2 Be7 4. e5 Nh6 5. Bd3 c5 6. c3 Nc6 7. Ne2 Nf5 8. Bxf5
exf5 9. f4 Be6 10. Nf3 Qb6 11. Qb3 c4 12. Qc2 Qc7 13. Be3 b5 14. a3 a5 15. Ng3
g6 16. h4 h5 17. Ne2 Kd7 18. Kf2 b4 19. Rhb1 Rhb8 20. Bc1 Ra7 21. g3 Rab7 22.
Ne1 Qd8 23. Nf3 Rb6 24. Neg1 R8b7 25. Nh3 Qb8 26. Nd2 Na7 27. Ng1 Qd8 28. Ndf3
Qb8 29. Nd2 Kd8 30. Ne2 Nb5 31. axb4 axb4 32. Ra5 Ra7 33. Rba1 Rxa5 34. Rxa5
Bd7 35. Nf3 Bc6 36. Nh2 bxc3 37. bxc3 Qb7 38. Nf1 Ra6 39. Qa2 Rxa5 40. Qxa5+
Kd7 41. Nd2 Qc7 42. Qa2 Qa7 43. Qxa7+ Nxa7 44. Nb1 Nb5 45. Ke1 Kc7 46. Kd2 Kb6
47. Kc2 Ka5 48. Kb2 Ka4 49. Ka2 Ka5 50. Kb2 Nc7 51. Ka2 Ba4 52. Ba3 Bxa3 53.
Nxa3 Bd1 54. Ng1 Bg4 55. Nc2 Nb5 56. Kb2 Ka4 57. Nb4 Nxd4 58. Nxd5 Nf3 59. Nxf3
Bxf3 60. Nb6+ Kb5 61. Nc8 Bd5 62. Kc2 Be6 63. Nd6+ Ka4 64. Kd2 Kb3 65. Nb5 Bd5
66. Ke3 Ka4 67. Nc7 Be6 68. Kd4 Kb3 69. Na6 Ka4 70. Nc7 Kb3 71. Na6 Ka4 72.
Nc5+ Kb5 73. Nb7 Ka4 74. Nc5+ Kb5 75. Nb7 Ka4 76. Nd8 Kb3 77. Nc6 Ka4 78. Na7
Kb3 79. Nc6 Ka4 80. Ke3 Kb3 81. Kd2 Ka4 82. Kc2 Kb5 83. Nb4 Ka4 84. Kb2 Kb5 85.
Ka3 Ka5 86. Nc2 Bd5 87. Nd4 Be6 88. Nc2 1/2-1/2

[Event "2016 Frome Open"]
[Site "Frome ENG"]
[Date "2016.05.14"]
[Round "3.19"]
[White "Appleby, Stephen"]
[Black "Snook-Lumb, Chris"]
[Result "1-0"]
[WhiteElo "1899"]
[BlackElo "1748"]
[PlyCount "37"]
[EventDate "2016.05.13"]

1. d4 e6 2. Nf3 f5 3. g3 Nf6 4. Bg2 d5 5. O-O Bd6 6. b3 Qe7 7. Bb2 b6 8. c4 Bb7
9. Ne5 Nbd7 10. cxd5 Bxd5 11. Nc6 Qf7 12. Nd2 Bxg2 13. Kxg2 h5 14. h4 Ng4 15.
Nf3 f4 16. Qd3 Nxf2 17. Rxf2 fxg3 18. Rff1 Nf6 19. Nfe5 1-0